LIBRARY ONLINE CATALOGUE

Managerial accounting / (Record no. 1602)

MARC details
000 -LEADER
fixed length control field 00678cam a22002412 4500
001 - CONTROL NUMBER
control field 0000021019
003 - CONTROL NUMBER IDENTIFIER
control field OSt
005 - DATE AND TIME OF LATEST TRANSACTION
control field 20170525152303.0
008 - FIXED-LENGTH DATA ELEMENTS--GENERAL INFORMATION
fixed length control field 120109s xx 000 0 eng d
020 ## - INTERNATIONAL STANDARD BOOK NUMBER
International Standard Book Number 0070700400 :
040 ## - CATALOGING SOURCE
Original cataloging agency KABU
Transcribing agency KABU
100 1# - MAIN ENTRY--PERSONAL NAME
Personal name Garrison, Ray H.
245 10 - TITLE STATEMENT
Title Managerial accounting /
Statement of responsibility, etc. Ray H. Garrison, Eric W. Noreen, Peter C. Brewer.
250 ## - EDITION STATEMENT
Edition statement 11th ed.
260 ## - PUBLICATION, DISTRIBUTION, ETC. (IMPRINT)
Place of publication, distribution, etc. New Delhi :
Name of publisher, distributor, etc. Tata McGraw-Hill,
Date of publication, distribution, etc. 2006.
300 ## - PHYSICAL DESCRIPTION
Extent xvi, 863 p.
650 #0 - SUBJECT ADDED ENTRY--TOPICAL TERM
Topical term or geographic name as entry element Managerial accounting.
700 1# - ADDED ENTRY--PERSONAL NAME
Personal name Noreen, Eric W.
700 1# - ADDED ENTRY--PERSONAL NAME
Personal name Brewer, Peter C.
908 ## - PUT COMMAND PARAMETER (RLIN)
Put command parameter 120109
942 ## - ADDED ENTRY ELEMENTS (KOHA)
Source of classification or shelving scheme Library of Congress Classification
Koha item type General Collection
Holdings
Withdrawn status Lost status Source of classification or shelving scheme Not for loan Home library Current library Date acquired Total Checkouts Full call number Barcode Date last seen Copy number Price effective from Koha item type
    Library of Congress Classification   Kabarak, Main Campus Kabarak, Main Campus 21/10/2015   HF5657.4 .G37 2006 c. 1 20307 21/10/2015 c.1 21/10/2015 General Collection